German and English :academic usage and academic translation

Salvato in:
Dettagli Bibliografici
Autore principale: SIEPMANN, Dirk
Natura: Libro
Lingua:inglese
Pubblicazione: Routledge 2021
Tags: Aggiungi Tag
Nessun Tag, puoi essere il primo ad aggiungerne!!

MARC

LEADER 00000nam a22000007a 4500
008 240918b |||||||| |||| 00| 0 eng d
020 |a 9780367619022 
100 |a SIEPMANN, Dirk 
245 |a German and English  |b :academic usage and academic translation  |c /Dirk Siepmann  |g xxi, 254p.;ill 
260 |b Routledge  |c 2021  |h New York  |i 702475  |i 702476  |l PF3498.Si1  |m German language--Translating into English..  |m English language--Grammar, Comparative--German.  |m  Academic writing--Translating.  |m  German language--Grammar, Comparative--English.   |m  Academic writing--Germany 
500 |a it includes references and index 
942 |a lcc  |c BK  |e Johnson  |f 18/09/24 
952 |0 0  |1 0  |2 lcc  |4 0  |6 PF3498 S I1  |7 0  |9 5578  |a ART  |b HOL  |c LP  |d 2024-09-18  |l 0  |o PF3498.Si1  |p 2024-0816  |r 2024-09-18 00:00:00  |t 702475  |w 2024-09-18  |y BK 
952 |0 0  |1 0  |2 lcc  |4 0  |6 PF3498 S I1  |7 0  |9 5579  |a HOL  |b HOL  |c LP  |d 2024-09-18  |l 0  |o PF3498.Si1  |p 2024-0817  |r 2024-09-18 00:00:00  |t 702476  |w 2024-09-18  |y BK 
999 |c 2752  |d 2752